Central Library and Information Centre
Sibsagar Girls' College, Sivasagar : Assam

POLITICAL THEORY (Record no. 8623)

MARC details
000 -LEADER
fixed length control field 00446cam a2200181ua 4500
008 - FIXED-LENGTH DATA ELEMENTS--GENERAL INFORMATION
fixed length control field 160511n1986 II |||gr||||Z||||||eng
040 ## - CATALOGING SOURCE
Original cataloging agency MAIN
041 ## - LANGUAGE CODE
-- English
082 ## - DEWEY DECIMAL CLASSIFICATION NUMBER
Classification number 320.011 ROU
100 ## - MAIN ENTRY--PERSONAL NAME
Personal name ROUT , B.C.,
Relator term AUTHOR.
245 ## - TITLE STATEMENT
Title POLITICAL THEORY
Remainder of title CONCEPTS AND IDEOLOGIES
250 ## - EDITION STATEMENT
Edition statement 2ND.
260 ## - PUBLICATION, DISTRIBUTION, ETC.
Place of publication, distribution, etc. NEW DELHI
Name of publisher, distributor, etc. S.CHAND & COMPANY
Date of publication, distribution, etc. 1986
300 ## - PHYSICAL DESCRIPTION
Extent 392.:
Dimensions 21CM.
942 ## - ADDED ENTRY ELEMENTS (KOHA)
Koha item type Books
653 ## - INDEX TERM--UNCONTROLLED
Uncontrolled term POLITICAL THEORIES
Holdings
Withdrawn status Lost status Damaged status Not for loan Collection code Home library Current library Shelving location Date acquired Total Checkouts Full call number Barcode Date last seen Date last checked out Copy number Price effective from Koha item type Public note
        TBPSC Central Library and Information Centre Sibsagar Girls College Central Library and Information Centre Sibsagar Girls College POLITICAL SC BOOK RACK 20.04.1983 1 320.011 ROU 07952 21.12.2024 19.11.2024 1 27.02.2020 Books V
Withdrawn       REFPSC Central Library and Information Centre Sibsagar Girls College Central Library and Information Centre Sibsagar Girls College Withdraw items 20.04.1983   320.011 ROU 07953 27.02.2020   2 27.02.2020 Books V
        TBPSC Central Library and Information Centre Sibsagar Girls College Central Library and Information Centre Sibsagar Girls College POLITICAL SC BOOK RACK 20.04.1983 2 320.011 ROU 07954 06.12.2024 19.11.2024 3 27.02.2020 Books V


Sibsagar Girl's College © 2020. All rights reserved.
Powered by Koha.
Maintained by Abhijit Borpuzari.